Statistics for Winning Countries of the World Series of Poker

Click here to take the quiz!

General Stats

  • This quiz has been taken 547 times
    (305 since last reset)
  • The average score is 49 of 65

Answer Stats

# of Bracelets WonCountry% Correct
1284United States
100%
70Canada
97%
32France
97%
5China
96%
29Russia
96%
15Brazil
95%
45Germany
95%
5Japan
95%
4Mexico
95%
13Italy
94%
11Spain
94%
13Sweden
94%
32Australia
93%
7Norway
92%
4Argentina
91%
6India
91%
8Netherlands
91%
1New Zealand
91%
8Finland
90%
1Poland
90%
7Ireland
89%
6Portugal
89%
7Belgium
88%
10Denmark
87%
4South Korea
87%
9Greece
86%
1Turkey
86%
1Colombia
85%
3South Africa
85%
12Ukraine
83%
6Austria
82%
3Switzerland
81%
9Czech Republic
80%
5Indonesia
80%
3Romania
79%
1Thailand
79%
1Vietnam
79%
1Slovakia
78%
1Croatia
77%
6Bulgaria
76%
7Hungary
75%
5Belarus
73%
1Estonia
73%
1Latvia
73%
4Lithuania
73%
2Iran
72%
21Israel
71%
1Philippines
70%
3Malaysia
69%
1Venezuela
69%
3Taiwan
68%
1Singapore
65%
54England
63%
1Scotland
60%
3Wales
59%
1Morocco
58%
1Uruguay
54%
1Malta
51%
1Bangladesh
50%
2Lebanon
41%
1Tunisia
36%
6Costa Rica
35%
1Kosovo
29%
2Afghanistan
20%
3Hong Kong
13%

Score Distribution

Percentile by Number Answered

Percent of People with Each Score

Your Score History

You have not taken this quiz since the last reset